| 000 | 00463cam a2200181ua 4500 | ||
|---|---|---|---|
| 020 | _c45.00 | ||
| 041 |
_aeng _h |
||
| 082 |
_a621.81 _bDAS/DR |
||
| 100 | _aDash, Sharma B . | ||
| 245 |
_aDrawings for mechanical engineers / _cDash sharma B. _hTextual Documents |
||
| 250 |
_a1 / _b. |
||
| 260 |
_aNewdelhi : _bFalcon book from cosmo publishers , _c1985. |
||
| 300 | _a120 ; . | ||
| 365 | _a45.00 | ||
| 504 | _a | ||
| 942 | _cBK | ||
| 999 |
_c8981 _d8981 |
||